Notable oración forense (Record no. 33251)

MARC details
000 -LEADER
campo de control de longitud fija 00598nam a2200145 i 4500
001 - NÚMERO DE CONTROL
campo de control 33251
003 - IDENTIFICADOR DE NÚMERO DE CONTROL
campo de control ES-MaACL
005 - FECHA Y HORA DE LA ÚLTIMA TRANSACCIÓN
campo de control 20230906154727.0
008 - DATOS DE LONGITUD FIJA--INFORMACIÓN GENERAL
campo de control de longitud fija 030201s1920 sp |||| | spa d
100 1# - ENTRADA PRINCIPAL--NOMBRE DE PERSONA
Nombre de persona Bergamín, Francisco.
9 (RLIN) 148620
245 10 - MENCIÓN DEL TÍTULO
Título Notable oración forense
Resto del título : informe /
Mención de responsabilidad, etc. de Francisco Bergamín, como letrado defensor de D. Francisco Pérez Fernández, director-fundador de Los Previsores del Porvenir, ante la sala segunda del Tribunal Supremo.
260 ## - PUBLICACIÓN, DISTRIBUCIÓN, ETC.
Lugar de publicación, distribución, etc. Madrid :
Nombre del editor, distribuidor, etc. [s.n.,
Fecha de publicación, distribución, etc. 1920]
710 2# - ENTRADA AGREGADA--NOMBRE DE ENTIDAD CORPORATIVA
Nombre de entidad corporativa o nombre de jurisdicción como elemento de entrada Los Previsores del Porvenir (Asociación)
9 (RLIN) 137854
852 ## - LOCALIZACIÓN
Ubicación ES-MaACL
Número de control de estantería 1602-F-25
Holdings
Estatus retirado Estado de pérdida Estado de daño No para préstamo Colección Biblioteca de origen Biblioteca actual Ubicación en estantería Fecha de adquisición Fuente de adquisición Total de préstamos Signatura topográfica completa Código de barras Visto por última vez Precio de reemplazo Tipo de ítem Koha
        Colección de folletos Biblioteca del Ateneo de Madrid Biblioteca del Ateneo de Madrid Depósito folletos 17/01/2008     1602-F-25 1034573 23/02/2023 23/02/2023 Folleto